Vrai ou Faux éditions anecdotes acteurs francais - Statistiques

Statistiques générales
  • Ce quiz a été pris 21 fois
  • Le résultat moyen est 10 sur 15
Statistiques - réponses
Question Réponse % Correct
Catherine Deneuve a commencé sa carrière comme pilote de moto faux
90%
Isabelle Adjani a écrit elle-même le scénario de La Reine Margot faux
90%
Marion Cotillard A appris la guitare pour La Mome faux
85%
Omar Sy a commencé sa carrière en tant qu'humoriste. vrai
85%
Sophie Marceau a été découverte à 14 ans pour La Boum. vrai
80%
Dany Boon S’est inspiré de sa famille pour Bienvenue chez les Ch’tis vrai
80%
Marion Cotillard Possède des compétences musicales (guitare, basse, clavier, tambourin) vrai
75%
Marion Cotillard a appris le violoncelle pour son rôle dans Les Jolies Choses. vrai
70%
Jean Reno a été professeur de mathématiques avant de devenir acteur faux
65%
Léa Seydoux A été doublée dans La Vie d’Adèle faux
65%
Audrey Tautou a refusé le rôle principal dans Amélie Poulain. faux
60%
Vincent Cassel A joué dans Le Grand Cirque Mystique, inspiré du poème "Circus" de Jorge de Lima vrai
60%
Jean Reno A appris son texte phonétiquement pour Léon vrai
60%
Juliette Binoche a remporté l'Oscar de la meilleure actrice dans un second rôle pour Le Patient anglais. vrai
55%
Tahar Rahim A appris le parkour pour un rôle faux
20%
Aucun quiz correspondant
Distribution des résultats
% des personnes avec chaque résultat
Percentile par nombre de réponses
Votre historique - résultats
Vous n’avez pas pris ce quiz